[Event "Basel Carnival op"]
[Site "Basel"]
[Date "2025.01.31"]
[Round "1"]
[White "Kanyamarala, Trisha"]
[Black "Gunzinger, Severin"]
[Result "1-0"]
[WhiteElo "2178"]
[BlackElo "1729"]
[PlyCount "67"]
[EventDate "2025.01.31"]
[EventType "swiss"]
[EventRounds "5"]
[EventCountry "SUI"]
[SourceTitle "CB07_2025"]
[SourceDate "2025.02.12"]
[SourceVersion "1"]
[SourceVersionDate "2025.02.12"]
[SourceQuality "1"]

1. d4 Nf6 2. c4 e6 3. Nf3 d5 4. Nc3 c6 5. e3 a6 6. b3 Bb4 7. Bd2 Qa5 8. Qc2 dxc4 9. bxc4 0-0 10. Bd3 Nbd7 11. a3 c5 12. 0-0 Bxc3 13. Bxc3 Qc7 14. a4 Rd8 15. Rfd1 h6 16. d5 exd5 17. cxd5 Kh8 18. Bc4 Qd6 19. Qb2 Re8 20. Rab1 Re4 21. Bd3 Re8 22. e4 Qf8 23. Re1 b6 24. Nh4 Nh5 25. e5 Nf4 26. Be4 Kg8 27. e6 Nf6 28. Bxf6 gxf6 29. Qd2 Qd6 30. Nf5 Qe5 31. Bc2 Qxd5 32. Qxf4 fxe6 33. Qg3+ Kh7 34. Qg7# 1-0